| 000 | 00586nam a2200181 i 4500 | ||
|---|---|---|---|
| 001 | 51054 | ||
| 003 | ES-MaACL | ||
| 005 | 20230906162304.0 | ||
| 007 | t| | ||
| 008 | 030808s1960 sp ||||1| spa d | ||
| 100 | 1 |
_aCushing, John E. _942261 |
|
| 245 | 1 | 0 |
_aPrincipios de inmunologĂa / _cJohn E. Cushing, Dan H. Campbell ; traducido por Miguel Cordero del Capillo. |
| 260 |
_aZaragoza : _bAcribia, _c1960. |
||
| 300 |
_aVIII, 371 p. : _bil. ; _c25 cm. |
||
| 700 | 1 |
_aCordero del Campillo, Miguel. _940521 |
|
| 700 | 1 |
_aCampbell, Dan H. _934132 |
|
| 852 |
_aES-MaACL _jC-19623 _bR.46773 |
||
| 999 |
_c51054 _d51054 |
||